| 000 | 00513nam a2200205Ia 4500 | ||
|---|---|---|---|
| 008 | 160319s9999 xx 000 0 und d | ||
| 245 | _aLauds : | ||
| 245 | _bJesuit music for meditation / | ||
| 245 | _cArnel d C Aquino. | ||
| 260 | _bJesuit Communications. | ||
| 260 | _c2000 | ||
| 300 | _a1 sound disc : | ||
| 300 | _bdigital : | ||
| 300 | _c4 3/4 in. | ||
| 650 | _aJesuits -- Philippines -- | ||
| 650 | _aJesuits. | ||
| 650 | _aMusic for meditation. | ||
| 650 | _aPrayers. | ||
| 650 | _xMusic. | ||
| 999 |
_c292783 _d292783 |
||